000 00512nam a2200181Ia 4500
001 14802
005 20260306164941.0
008 260306t2003||||xx |||||||||||||| ||spa||
041 _aESP
082 _a519.3
_bS29 V. B
100 _aSchrijver, Alexander
_eAUT
245 0 _aCombinatorial optimization:
_bPolyhedra and efficiency (matroids, trees, stable sets)
260 _c2003
300 _axxxiv, páginas : 652-1216 (Chapters 39 - 69)
_c
650 _aGEN
654 _aCMA
942 _cLIB
_dJUS
_fJUS
_2ddc
_n
999 _c14802
_d14802